Kraje Należące do Nato- Nagła Śmierć - Statystyki

Ogólne statystyki
  • Ten quiz został rozwiązany 110 razy
    69 od ostatniego zresetowania
  • Średni wynik to 9 z 32
Answers on the Grid
Answers color-coded by a green-red scale on the quiz's grid according to % correct below.
Stany Zjednoczone
Rosja
Gruzja
Francja
Wielka Brytania
Serbia
Cypr
Kanada
Meksyk
Włochy
Niderlandy (Holandia)
Azerbejdżan
Luksemburg
Niemcy
Ukraina
Austria
Dania
Irlandia
Litwa
Białoruś
Kuba
Macedonia
Albania
Bośnia i Hercegowina
Szwajcaria
Andora
San Marino
Hiszpania
Mołdawia
Norwegia
Bułgaria
Węgry
Szwecja
Haiti
Finlandia
Dominikana
Czechy
Chorwacja
Izrael
Grecja
Słowacja
Japonia
Turcja
Estonia
Korea Połódniowa
Polska
Łotwa
Australia
Słowenia
Nowa Zelandia
Belgia
Portugalia
Islandia
Czarnogóra
Rumunia
 
Statystyki odpowiedzi
Odpowiedź % Poprawnych
Stany Zjednoczone
100%
Francja
73%
Wielka Brytania
73%
Kanada
46%
Niderlandy (Holandia)
46%
Niemcy
46%
Włochy
46%
Dania
27%
Finlandia
27%
Grecja
27%
Norwegia
27%
Polska
27%
Belgia
23%
Litwa
23%
Luksemburg
23%
Portugalia
23%
Łotwa
19%
Bułgaria
15%
Czechy
15%
Estonia
15%
Hiszpania
15%
Rumunia
15%
Słowacja
15%
Węgry
15%
Islandia
12%
Słowenia
12%
Szwecja
12%
Albania
8%
Chorwacja
8%
Czarnogóra
8%
Macedonia
8%
Turcja
8%
Nie znaleziono quizów pasujących do podanych kryteriów
Rozkład punktacji
Procent ludzi z każdym wynikiem
Percentyl według liczby udzielonych odpowiedzi
Twoja historia wyników
Nie rozwiązałeś tego quizu od ostatniego zresetowania